000 00542nam a2200181Ia 4500
008 090124s9999 xx 000 0 und d
082 _b36637
100 _aमाडखोलकर ग. त्र्यं.
245 _a अनघा
250 _a0
260 _bअक्षय प्रकाशन
_c1999
300 _a170
600 _aमाडखोलकर ग. त्र्यं.
630 _a अनघा
700 _aमाडखोलकर ग. त्र्यं.
730 _a अनघा
942 _cBOOK
999 _c102584
_d102584